Catálogo espeleológico de la provincia de Barcelona. (Record no. 43600)

MARC details
000 -LEADER
campo de control de longitud fija 01078nam a2200229 i 4500
001 - NÚMERO DE CONTROL
campo de control 43600
003 - IDENTIFICADOR DE NÚMERO DE CONTROL
campo de control ES-MaACL
005 - FECHA Y HORA DE LA ÚLTIMA TRANSACCIÓN
campo de control 20230906160835.0
007 - CAMPO FIJO DE DESCRIPCIÓN FÍSICA--INFORMACIÓN GENERAL
campo de control de longitud fija t|
008 - DATOS DE LONGITUD FIJA--INFORMACIÓN GENERAL
campo de control de longitud fija 030318s1961 sp ||||1| spa d
110 1# - ENTRADA PRINCIPAL--NOMBRE DE ENTIDAD CORPORATIVA
Nombre de entidad corporativa o nombre de jurisdicción como elemento de entrada Barcelona.
Unidad subordinada Comisión del Catastro Espeleológico de la Provincia.
9 (RLIN) 168504
245 10 - MENCIÓN DEL TÍTULO
Título Catálogo espeleológico de la provincia de Barcelona.
260 ## - PUBLICACIÓN, DISTRIBUCIÓN, ETC.
Lugar de publicación, distribución, etc. Barcelona :
Nombre del editor, distribuidor, etc. Grupo de Exploraciones Subterráneas del Club Montañés Barcelonés,
Fecha de publicación, distribución, etc. 1961.
300 ## - DESCRIPCIÓN FÍSICA
Extensión 1 v. :
Otras características físicas il. ;
Dimensiones 24 cm.
500 ## - NOTA GENERAL
Nota general Precede al tít.: Comisión del Catastro Espeleológico de la Provincia de Barcelona.
505 8# - NOTA DE CONTENIDO CON FORMATO
Nota de contenido con formato I. Historia. Plan general. Características geoespeleologicas y bioespeleológicas de la provincia. Catalogo de la zona 2 (islotes calizos entre el Llobregat y el Tordera).- 95 p., map. pleg., grab.
650 #4 - PUNTO DE ACCESO ADICIONAL DE MATERIA--TÉRMINO DE MATERIA
Término de materia o nombre geográfico como elemento de entrada Espeleología.
9 (RLIN) 146279
650 #4 - PUNTO DE ACCESO ADICIONAL DE MATERIA--TÉRMINO DE MATERIA
Término de materia o nombre geográfico como elemento de entrada Exploraciones subterráneas-
Subdivisión geográfica Barcelona.
9 (RLIN) 168505
710 2# - ENTRADA AGREGADA--NOMBRE DE ENTIDAD CORPORATIVA
Nombre de entidad corporativa o nombre de jurisdicción como elemento de entrada Club Montañés Barcelonés Subterráneas.
9 (RLIN) 2867
852 ## - LOCALIZACIÓN
Ubicación ES-MaACL
Número de control de estantería P-959-bis
Sublocalización o colección R.52635
852 ## - LOCALIZACIÓN
Ubicación ES-MaACL
Número de control de estantería C-30213
Sublocalización o colección R.57953
Holdings
Estatus retirado Estado de pérdida Estado de daño No para préstamo Biblioteca de origen Biblioteca actual Ubicación en estantería Fecha de adquisición Fuente de adquisición Total de préstamos Signatura topográfica completa Código de barras Visto por última vez Precio de reemplazo Tipo de ítem Koha
        Biblioteca del Ateneo de Madrid Biblioteca del Ateneo de Madrid Depósito 2 17/01/2008     C-30213 1045897 23/02/2023 23/02/2023 Libro impreso
        Biblioteca del Ateneo de Madrid Biblioteca del Ateneo de Madrid Depósito 2 17/01/2008     P-959-bis 1045896 23/02/2023 23/02/2023 Libro impreso